| 000 | 00875nas a2200289 4500 | ||
|---|---|---|---|
| 001 | BR2012008295 | ||
| 003 | BR-BrBNA | ||
| 005 | 20231205121358.0 | ||
| 007 | ta | ||
| 008 | 230509b bl.|||p| |||| 00| 00por d | ||
| 040 |
_aBR-BrBNA _bpor _cBiblioteca Nacional de Agricultura |
||
| 041 | _a(Pt) | ||
| 072 | _aE50 | ||
| 100 | 1 | _aLopes, L.S. | |
| 100 | 1 | _aToyoshima, S.H. | |
| 100 | 1 | _aGomes, A.P. | |
| 245 | 1 | _aDeterminantes sociais da saúde em Minas Gerais: uma abordagem empírica | |
| 650 | _aSAÚDE | ||
| 650 | _aINDICADOR ECONÔMICO | ||
| 650 | _aINDICADOR SOCIAL | ||
| 650 | _aDISTRIBUIÇÃO DE RENDA | ||
| 650 | _aTAXA DE NATALIDADE | ||
| 650 | _aMINAS GERAIS | ||
| 773 | 0 |
_tRevista Econômica do Nordeste (Brazil) _xISSN 0100-4956 _g(Jan-Mar 2010), v. 41(1) p. 77-95 _wBR2012008295 |
|
| 909 |
_a202311 _bLúcia _c55 _dLúcia Elande |
||
| 942 |
_2AGRIS _n0 _cANA |
||
| 999 |
_c223264 _d223264 |
||